banner-ar

مائة عام من الشعر المصرى الحديث / (Record no. 66855)

MARC details
000 -الفاتح
حقل البيانات ثابتة الطول 00913nam a2200241Ia 4500
005 - وقت وتاريخ اخر تعامل مع التسجيلة
رقم الضبط 20240530110943.0
008 - عناصر البيانات ثابتة الطول - معلومات عامة
حقل البيانات ثابتة الطول 140319s2007 xx 000 0 ara d
040 ## - مصدر الفهرسة
وكالة الفهرسة الأصلية GCL /
وكالة النسخ GCL
082 04 - رقم تصنيف ديوى العشرى
رقم التصنيف 811.962 /
رقم المادة م م
100 1# - المدخل الرئيسى - إسم شخصى
الإسم الشخصى محمد فتوح احمد
245 10 - بيان العنوان
العنوان مائة عام من الشعر المصرى الحديث /
بيان المسئوليه,etc تاليف محمد فتوح احمد ؛ تصدير احمد عبدالمعطى حجازى
260 ## - PUBLICATION, DISTRIBUTION, ETC. (IMPRINT)
تاريخ النشر أو التوزيع 2007
300 ## - الوصف المادى
التعداد 435 ص؛
أبعاد الوعاء 20 سم
650 04 - المدخل الاضافى بالموضوع-مصطلح موضوعى
مصطلح موضوعي الادب العربى
650 04 - المدخل الاضافى بالموضوع-مصطلح موضوعى
مصطلح موضوعي مصر
650 04 - المدخل الاضافى بالموضوع-مصطلح موضوعى
مصطلح موضوعي المسرحية العربية
650 04 - المدخل الاضافى بالموضوع-مصطلح موضوعى
مصطلح موضوعي المسرح
650 04 - المدخل الاضافى بالموضوع-مصطلح موضوعى
مصطلح موضوعي المسرحيات المصرية
650 04 - المدخل الاضافى بالموضوع-مصطلح موضوعى
مصطلح موضوعي المسرح والمجتمع
700 ## - المدخل الاضافى - اسم شخصى
الإسم الشخصى احمد عبدالمعطى حجازى
الدور تصدير
942 ## - عناصر المدخل الإضافي( كوها)
مصدر التصنيف او مخطط الترفيف Dewey Decimal Classification
Koha [default] item type كتاب
260 ## - PUBLICATION, DISTRIBUTION, ETC. (IMPRINT)
-- القاهرة :
-- المجلس الاعلى للثقافة،
Holdings
حالة التراجع حالة الفقد حالة تلف ليس للاعارة المكان المؤقت الموقع الحالى موقع الترفيف تاريخ الاكتساب اجمالي اﻻعارات رقم الطلب الباركود تاريخ اخر مشاهدة تاريخ تفعيل السعر نوع وعاء كوها
        مكتبة القاهرة الكبرى مكتبة القاهرة الكبرى ق الرئيسية_الأداب_ك عربى 11/10/2022   811.962 / م م 168818 11/10/2022 11/10/2022 كتاب

Powered By

EGPV